[Event "Dutch Open 2015"]
[Site "Dieren NED"]
[Date "2015.07.27"]
[Round "6.18"]
[White "Bakker, Guido"]
[Black "Kollen, Zyon"]
[Result "1/2-1/2"]
[WhiteElo "2117"]
[BlackElo "2220"]
[WhiteFideId "1027875"]
[BlackFideId "1024256"]
[EventDate "2015.07.21"]

1. d4 e6 2. c4 Nf6 3. Nf3 b6 4. g3 Ba6 5. Qc2 Bb7 6. Bg2 c5 7. d5 exd5 8. cxd5
Bxd5 9. Nc3 Bc6 10. e4 d6 11. O-O Nbd7 12. Rd1 Qc7 13. Nd5 Qb7 14. Bg5 Bxd5 15.
exd5 O-O-O 16. b4 Qc7 17. bxc5 dxc5 18. d6 Bxd6 19. Rxd6 Qxd6 20. Bf4 Qd5 21.
Ng5 Qd4 22. Rd1 Qb4 23. Nxf7 Rde8 24. Nxh8 Rxh8 25. Qd3 Re8 26. Qd6 Re1+ 27. Bf1
Kd8 28. Qc7+ Ke8 29. Bd2 Rxf1+ 30. Kxf1 Qc4+ 31. Kg1 Qxa2 32. Bc3 Qa4 33. Qd6
Kf7 34. Re1 Qc2 35. Qe6+ Kg6 36. Be5 Nxe5 37. Rxe5 c4 38. h4 h6 39. Kg2 c3 40.
g4 Kh7 41. Re3 b5 42. g5 Qg6 43. Rxc3 hxg5 44. hxg5 Qxg5+ 45. Rg3 Qc5 46. f4
Qc2+ 47. Kh3 Nh5 48. Rg4 Qc3+ 49. Kh4 Nf6 50. Rg3 Qc1 51. Kg5 Qc5+ 52. Qf5+
Qxf5+ 53. Kxf5 b4 54. Rh3+ Kg8 55. Rh1 Kf7 56. Ra1 g6+ 57. Ke5 Nd7+ 58. Kd4 Ke6
59. Rxa7 Nb6 60. Ra5 b3 61. Rb5 Nc8 62. Rxb3 Kf5 63. Ke3 Nd6 64. Rd3 Nf7 65. Ra3
g5 66. Ra5+ Kf6 67. Ra6+ Kf5 68. Ra5+ Kf6 69. Ke4 gxf4 1/2-1/2

[Event "Dutch Open 2015"]
[Site "Dieren NED"]
[Date "2015.07.27"]
[Round "6.19"]
[White "Bollen, Guus"]
[Black "Foisor, Sabina-Francesca"]
[Result "0-1"]
[BlackTitle "WGM"]
[WhiteElo "2088"]
[BlackElo "2202"]
[WhiteFideId "1027883"]
[BlackFideId "1212915"]
[EventDate "2015.07.21"]

1. e4 e5 2. Nc3 Nf6 3. Bc4 Nxe4 4. Qh5 Nd6 5. Qxe5+ Qe7 6. Qxe7+ Bxe7 7. Bb3 Nf5
8. Nf3 c6 9. d4 d5 10. O-O h6 11. Re1 Be6 12. Ne2 g5 13. c3 Ng7 14. Ng3 f6 15.
Bd2 Kf7 16. Re2 Nd7 17. Rae1 Nf8 18. Bc2 Re8 19. b3 h5 20. Bc1 h4 21. Nf1 g4 22.
N3d2 Bd6 23. Ne3 Nd7 24. g3 f5 25. Ng2 f4 26. Nxh4 Rxh4 27. gxh4 Rh8 28. Bg6+
Kf6 29. h5 Bf7 30. f3 Bxg6 31. hxg6 g3 32. Nf1 Nf8 33. hxg3 fxg3 34. Ne3 Nxg6
35. Ng4+ Kf7 36. Nh6+ Kf6 37. Ng4+ Kf7 38. f4 Nh4 39. Rf1 Ngf5 40. Bd2 Rg8 41.
Ne3 g2 42. Rff2 Ng3 43. Re1 Ne4 44. Rd1 Nxf2 45. Kxf2 g1=Q+ 46. Rxg1 Rxg1 47.
Kxg1 Nf3+ 48. Kf2 Nxd2 49. Kg3 Ne4+ 0-1

[Event "Dutch Open 2015"]
[Site "Dieren NED"]
[Date "2015.07.27"]
[Round "6.20"]
[White "Op den Dries, Johan"]
[Black "Van Foreest, Lucas"]
[Result "0-1"]
[WhiteElo "2063"]
[BlackElo "2294"]
[WhiteFideId "1021257"]
[BlackFideId "1039792"]
[EventDate "2015.07.21"]

1. d4 Nf6 2. Nc3 d5 3. Bg5 b6 4. Qd3 Bb7 5. O-O-O Nbd7 6. Nf3 h6 7. Bh4 e6 8.
Ne5 Be7 9. h3 c5 10. Nxd7 Qxd7 11. dxc5 bxc5 12. e4 d4 13. Bxf6 Bxf6 14. Qg3 O-O
15. e5 Be7 16. Bd3 Kh8 17. Bc4 Qc6 18. Nb5 Qxg2 19. Rhg1 Qxg3 20. fxg3 Bg5+ 21.
Kb1 Be3 22. Nd6 Bxg1 23. Rxg1 Bd5 24. Bxd5 exd5 25. Rf1 Kg8 26. c3 dxc3 27. bxc3
Rad8 28. Kc2 f6 29. Nb7 fxe5 30. Re1 Rf2+ 31. Kc1 Re8 32. Nxc5 Rxa2 33. Kb1 Rg2 0-1

[Event "Dutch Open 2015"]
[Site "Dieren NED"]
[Date "2015.07.28"]
[Round "7.1"]
[White "L'Ami, Erwin"]
[Black "Reinderman, Dimitri"]
[Result "1-0"]
[WhiteTitle "GM"]
[BlackTitle "GM"]
[WhiteElo "2628"]
[BlackElo "2584"]
[WhiteFideId "1007998"]
[BlackFideId "1001302"]
[EventDate "2015.07.21"]

1. d4 d6 2. e4 Nf6 3. Nc3 e5 4. dxe5 dxe5 5. Qxd8+ Kxd8 6. Bc4 Bb4 7. Bd2 Ke7 8.
a3 Bd6 9. Bg5 Be6 10. Nd5+ Bxd5 11. Bxd5 c6 12. Ba2 h6 13. Bxf6+ Kxf6 14. h4 Na6
15. Rh3 Ke7 16. Rg3 Rhg8 17. O-O-O Rad8 18. h5 Nc5 19. Re1 Ne6 20. Nf3 Bc5 21.
Rf1 Nf4 22. Nxe5 Bd6 23. Nxf7 Ne2+ 24. Kd1 Nxg3 25. fxg3 Rgf8 26. Ke2 Rd7 27. e5
Bb8 28. c3 b5 29. e6 Rb7 30. g4 a5 31. Bb3 a4 32. Ba2 c5 33. Bd5 Rb6 34. Kd3 b4
35. Kc2 Bc7 36. Rf5 Bh2 37. Kd3 bxa3 38. bxa3 Rb2 39. Kc4 Re2 40. Kd3 Re1 41.
Kc4 Re3 42. g5 hxg5 43. Rxg5 Rg3 44. Rxg3 Bxg3 45. Kb5 Rb8+ 46. Kxa4 Bf4 47. c4
Rb6 48. Nh8 Bg5 49. Ka5 Rb3 50. a4 Rb8 51. Ng6+ Kd6 52. Ka6 Rb1 53. a5 Ra1 54.
e7 Bxe7 55. Nxe7 Kxe7 56. Bc6 Kd8 57. Kb6 1-0

[Event "Dutch Open 2015"]
[Site "Dieren NED"]
[Date "2015.07.28"]
[Round "7.2"]
[White "Ikonnikov, Vyacheslav"]
[Black "Van Foreest, Jorden"]
[Result "1/2-1/2"]
[WhiteTitle "GM"]
[BlackTitle "IM"]
[WhiteElo "2527"]
[BlackElo "2514"]
[WhiteFideId "4100972"]
[BlackFideId "1039784"]
[EventDate "2015.07.21"]

1. d4 d5 2. Nf3 Nf6 3. c4 c6 4. Nc3 dxc4 5. a4 e6 6. e3 c5 7. Bxc4 Nc6 8. O-O
Be7 9. Qe2 cxd4 10. exd4 O-O 11. Rd1 Nb4 12. Bg5 h6 13. Bxf6 Bxf6 14. Ne4 b6 15.
Ne5 Bh4 16. Ra3 Bb7 17. Rh3 Nd5 18. Qg4 Bg5 19. Nxg5 Qxg5 20. Qxg5 hxg5 21. Bxd5
Bxd5 22. Rc3 Rfd8 23. f3 Rac8 24. Rdc1 Rxc3 25. Rxc3 f6 26. Nd3 Bb7 27. Rc7 Rxd4
28. Rxb7 Rxd3 29. b4 Rd4 30. a5 Rxb4 31. a6 Ra4 32. Rxa7 Ra2 33. Ra8+ Kf7 34. a7
b5 35. h3 b4 36. Rb8 Rxa7 37. Rxb4 Ra6 38. Kh2 f5 39. Rb7+ Kf6 40. Kg3 Rd6 41.
Rb5 e5 42. Ra5 Re6 43. Kf2 Rb6 44. Kg3 Rb2 45. Ra6+ Kf7 46. Rc6 Re2 47. Ra6 Kg8
48. Rg6 Kf7 49. Ra6 g6 50. Ra7+ Kf6 51. Ra6+ Kg7 52. Ra7+ Kh6 53. Re7 f4+ 54.
Kh2 Re1 55. Ra7 e4 56. fxe4 Rxe4 57. Rb7 Re2 58. Rf7 Re1 59. Ra7 g4 60. hxg4 Kg5
61. Ra6 Re3 62. Rb6 Rg3 63. Ra6 Rxg4 64. Ra5+ Kh4 65. Ra3 Kh5 66. Kg1 Rh4 67.
Kf2 Kg4 68. Ra5 Rh5 69. Rxh5 gxh5 70. Kf1 Kg3 71. Kg1 h4 72. Kf1 Kh2 73. Kf2 Kh1
74. Kf1 f3 75. gxf3 h3 76. f4 h2 77. f5 1/2-1/2

[Event "Dutch Open 2015"]
[Site "Dieren NED"]
[Date "2015.07.28"]
[Round "7.4"]
[White "Vereggen, Lars"]
[Black "Yankelevich, Lev"]
[Result "1/2-1/2"]
[WhiteTitle "FM"]
[WhiteElo "2314"]
[BlackElo "2420"]
[WhiteFideId "1029258"]
[BlackFideId "24684074"]
[EventDate "2015.07.21"]

1. Nf3 Nf6 2. c4 b6 3. Nc3 Bb7 4. g3 g6 5. Bg2 Bg7 6. O-O O-O 7. d3 c5 8. Rb1
Nc6 9. a3 Nd4 10. Nxd4 Bxg2 11. Ne6 dxe6 12. Kxg2 Qd6 13. Kg1 Qe5 14. Qd2 Ng4
15. h3 Nf6 16. Qf4 Qd4 17. Be3 Qd7 18. Qf3 Nh5 19. Bd2 f5 20. b4 cxb4 21. axb4
Kh8 22. Rfc1 e5 23. Qd5 Qe8 24. Nb5 Nf6 1/2-1/2

[Event "Dutch Open 2015"]
[Site "Dieren NED"]
[Date "2015.07.28"]
[Round "7.5"]
[White "Haslinger, Stewart G"]
[Black "Harff, Marcel"]
[Result "1-0"]
[WhiteTitle "GM"]
[BlackTitle "FM"]
[WhiteElo "2526"]
[BlackElo "2313"]
[WhiteFideId "405248"]
[BlackFideId "24621382"]
[EventDate "2015.07.21"]

1. e4 e6 2. d4 d5 3. Nd2 dxe4 4. Nxe4 Nd7 5. Nf3 Ngf6 6. Bd3 Nxe4 7. Bxe4 Nf6 8.
Bg5 Be7 9. Bxf6 Bxf6 10. Qd3 c5 11. Qb5+ Bd7 12. Qxc5 Be7 13. Qe5 O-O 14. O-O
Qb6 15. b3 Rfd8 16. Rad1 Bc6 17. Bxc6 bxc6 18. Qe4 Rac8 19. Ne5 Bf6 20. Rd3 Qa6
21. Ng4 Be7 22. Rh3 h6 23. Nxh6+ gxh6 24. Rxh6 Bd6 25. Qh4 1-0

[Event "Dutch Open 2015"]
[Site "Dieren NED"]
[Date "2015.07.28"]
[Round "7.6"]
[White "Moradiabadi, Elshan"]
[Black "Zwirs, Nico"]
[Result "1-0"]
[WhiteTitle "GM"]
[WhiteElo "2567"]
[BlackElo "2346"]
[WhiteFideId "12501255"]
[BlackFideId "1036432"]
[EventDate "2015.07.21"]

1. d4 Nf6 2. c4 g6 3. Nf3 Bg7 4. g3 b6 5. Bg2 Bb7 6. O-O O-O 7. b3 c5 8. Bb2
cxd4 9. Na3 Qc8 10. Rc1 Nc6 11. Nb5 d6 12. Nbxd4 Nxd4 13. Bxd4 Be4 14. Qd2 Qb7
15. Rfd1 Rfd8 16. Bh3 Bc6 17. Qe3 Bd7 18. Bxd7 Qxd7 19. Bxf6 Bxf6 20. Nd2 Rac8
21. Ne4 Bg7 22. Rd5 Qe6 23. Qd3 f5 24. Ng5 Qf6 25. Nf3 Qb2 26. Rc2 Qb1+ 27. Kg2
Bf6 28. e4 e6 29. Rxd6 Rxd6 30. Qxd6 Qxc2 31. Qxe6+ Kg7 32. Qxc8 fxe4 33. Qd7+
Kf8 34. Nd4 Bxd4 35. Qxd4 Kg8 36. Qd8+ Kg7 37. Qe7+ Kg8 38. Qxa7 Qe2 39. Qb8+
Kg7 40. Qe5+ Kg8 41. Qd5+ Kf8 42. Qd4 Qxa2 43. Qxb6 Qc2 44. Qf6+ Kg8 45. Qe6+
Kg7 46. Qe7+ Kg8 47. Qd8+ Kf7 48. Qd5+ Kg7 49. Qd4+ Kf7 50. b4 Kg8 51. b5 Qe2
52. b6 e3 53. Qxe3 Qxc4 54. Qe8+ Kg7 55. Qe5+ Kg8 56. Qb8+ 1-0

[Event "Dutch Open 2015"]
[Site "Dieren NED"]
[Date "2015.07.28"]
[Round "7.7"]
[White "Kolbus, Dietmar"]
[Black "Beukema, Stefan"]
[Result "1/2-1/2"]
[WhiteTitle "IM"]
[BlackTitle "FM"]
[WhiteElo "2309"]
[BlackElo "2363"]
[WhiteFideId "4610628"]
[BlackFideId "1024523"]
[EventDate "2015.07.21"]

1. Nf3 f5 2. g3 Nf6 3. Bg2 g6 4. b3 Bg7 5. Bb2 O-O 6. O-O d6 7. d4 Qe8 8. c4 Na6
9. d5 c6 10. Nc3 Bd7 11. Rb1 Rd8 12. Nd4 e5 13. dxe6 Bxe6 14. Nxe6 Qxe6 15. e3
Rfe8 16. Qd2 Nc5 1/2-1/2

[Event "Dutch Open 2015"]
[Site "Dieren NED"]
[Date "2015.07.28"]
[Round "7.8"]
[White "Miedema, David"]
[Black "Buckels, Valentin"]
[Result "0-1"]
[WhiteTitle "IM"]
[WhiteElo "2356"]
[BlackElo "2152"]
[WhiteFideId "1018477"]
[BlackFideId "12942766"]
[EventDate "2015.07.21"]

1. d4 Nf6 2. c4 e6 3. Nf3 Bb4+ 4. Bd2 Qe7 5. Nc3 O-O 6. Qc2 c5 7. dxc5 a5 8. g3
Nc6 9. Bg2 Bxc5 10. O-O d5 11. cxd5 Nb4 12. Qb1 Nbxd5 13. Nxd5 exd5 14. Qd3 b6
15. Nd4 Ba6 16. Nb5 Rfe8 17. Bf3 Ne4 18. a4 Nxd2 19. Qxd2 Rad8 20. Rfd1 d4 21.
Qf4 Bb7 22. Bxb7 Qxb7 23. Nxd4 Re4 24. Qf3 Rdxd4 25. Rxd4 Bxd4 26. Rd1 Qe7 27.
Qf5 g6 28. Qc8+ Kg7 29. b3 Qc5 30. Qxc5 Bxc5 31. e3 Re6 0-1

[Event "Dutch Open 2015"]
[Site "Dieren NED"]
[Date "2015.07.28"]
[Round "7.9"]
[White "Lecomte, Robin"]
[Black "Beukema, Jasper"]
[Result "1-0"]
[WhiteElo "2331"]
[BlackElo "1942"]
[WhiteFideId "1037170"]
[BlackFideId "1032984"]
[EventDate "2015.07.21"]

1. Nf3 d5 2. g3 c5 3. Bg2 Nc6 4. d4 Nf6 5. O-O Bf5 6. c4 e6 7. cxd5 exd5 8. Nc3
Be7 9. dxc5 Bxc5 10. Qb3 Qb6 11. Qxb6 Bxb6 12. Bg5 Be6 13. Bxf6 gxf6 14. Rfd1
Rd8 15. Na4 Bc7 16. Rac1 Bb8 17. Nc5 Bc8 18. Nd4 Ne5 19. Nd3 Nxd3 20. Rxd3 Ke7
21. Nc2 Be6 22. Rcd1 Be5 23. f4 Bc7 24. Bxd5 Bb6+ 25. Kg2 Bf5 26. e4 Rxd5 27.
exd5 Bxd3 28. Rxd3 Rc8 29. Na3 Rc1 30. b3 Bc5 31. Nc4 Kd7 32. a4 Rc2+ 33. Kf3 f5
34. g4 fxg4+ 35. Kxg4 Rxh2 36. d6 1-0

[Event "Dutch Open 2015"]
[Site "Dieren NED"]
[Date "2015.07.28"]
[Round "7.10"]
[White "Ypma, Peter"]
[Black "Beerdsen, Thomas"]
[Result "1-0"]
[BlackTitle "FM"]
[WhiteElo "2246"]
[BlackElo "2317"]
[WhiteFideId "1027255"]
[BlackFideId "1030108"]
[EventDate "2015.07.21"]

1. g3 e5 2. Bg2 d6 3. d4 Nd7 4. e4 Ngf6 5. Ne2 g6 6. O-O exd4 7. b4 Bg7 8. Bb2
O-O 9. Bxd4 a5 10. a3 axb4 11. axb4 Rxa1 12. Bxa1 Re8 13. Nd2 Ne5 14. c4 Bg4 15.
h3 Bxe2 16. Qxe2 Qa8 17. c5 dxc5 18. f4 Nh5 19. Kh2 Nc6 20. Bxg7 Nxg7 21. bxc5
Ne6 22. e5 Qa2 23. Rf2 Ra8 24. Ne4 Qxe2 25. Rxe2 Ra5 26. Rb2 Ncd8 27. Rd2 Kg7
28. h4 Nc6 29. Rd7 Nb8 30. Rd2 Na6 31. Rd7 Naxc5 32. Nxc5 Rxc5 33. Bxb7 Rc2+ 34.
Kg1 Rc1+ 35. Kg2 Rc2+ 36. Kg1 Rc1+ 37. Kg2 c6 38. Rd6 Rc2+ 39. Kf1 c5 40. Bd5
Nd4 41. Rd7 Nf5 42. Rxf7+ Kh6 43. Rxf5 Rc1+ 44. Ke2 1-0

[Event "Dutch Open 2015"]
[Site "Dieren NED"]
[Date "2015.07.28"]
[Round "7.11"]
[White "Goudriaan, Etienne"]
[Black "Beeke, Bob"]
[Result "1-0"]
[WhiteTitle "IM"]
[WhiteElo "2376"]
[BlackElo "2247"]
[WhiteFideId "1021150"]
[BlackFideId "1011634"]
[EventDate "2015.07.21"]

1. d4 d5 2. c4 c6 3. Nf3 Nf6 4. Nc3 a6 5. c5 Nbd7 6. Bf4 Nh5 7. Bd2 e5 8. Nxe5
Nxe5 9. dxe5 Qe7 10. g4 Bxg4 11. Rg1 Be6 12. e4 Qh4 13. Bg5 Qxh2 14. Rg2 Qxe5
15. Qxh5 d4 16. Na4 h6 17. f4 Qxe4+ 18. Re2 hxg5 19. Qxh8 Qxf4 20. Qh2 O-O-O 21.
Rd1 Qxh2 22. Rxh2 Bxa2 23. b4 Bb3 24. Nb6+ Kc7 25. Rb1 Be6 26. Bc4 Bf5 27. Rc1
Bg6 28. Rf2 f6 29. Kd2 a5 30. Bd3 Bxd3 31. Kxd3 axb4 32. Kc4 Bd6 33. Rh1 Re8 34.
Rh7 Bxc5 35. Kxc5 Re5+ 36. Kxd4 Kxb6 37. Rxg7 c5+ 38. Kd3 Rd5+ 39. Kc2 Rd6 40.
Rf7 Kb5 41. R2xf6 Rd5 42. Rxb7+ Kc4 43. Rf2 Rd3 44. Rg2 Rc3+ 45. Kb2 Rb3+ 46.
Kc1 Rc3+ 47. Rc2 b3 48. Rxc3+ Kxc3 49. Rg7 1-0

[Event "Dutch Open 2015"]
[Site "Dieren NED"]
[Date "2015.07.28"]
[Round "7.12"]
[White "Foisor, Sabina-Francesca"]
[Black "Hamblok, Roel"]
[Result "1-0"]
[WhiteTitle "WGM"]
[BlackTitle "FM"]
[WhiteElo "2202"]
[BlackElo "2305"]
[WhiteFideId "1212915"]
[BlackFideId "209317"]
[EventDate "2015.07.21"]

1. d4 Nf6 2. c4 e6 3. Nc3 Bb4 4. Qc2 Nc6 5. Nf3 d6 6. e3 e5 7. d5 Bxc3+ 8. Qxc3
Ne7 9. Nd2 O-O 10. Be2 c6 11. dxc6 Nxc6 12. O-O d5 13. b3 d4 14. exd4 Nxd4 15.
Bd1 Bg4 16. Nf3 Re8 17. Nxd4 exd4 18. Qd3 Qd7 19. Bxg4 Nxg4 20. Bb2 Rad8 21.
Rad1 Qc7 22. Qh3 Qf4 23. Bc1 Qf5 24. f3 Ne3 25. Qxf5 Nxf5 26. Rfe1 f6 27. Kf2
Kf7 28. Rxe8 Kxe8 29. Bb2 h5 30. Rd2 Ke7 31. g4 hxg4 32. fxg4 Nh6 33. h3 d3 34.
Ke3 Nf7 35. Rxd3 Rxd3+ 36. Kxd3 Ng5 37. h4 Nf3 38. h5 Kf7 39. Ke3 Ng5 40. Kf4
Ke6 41. Ba3 Nh3+ 42. Kg3 Ng5 43. Bc1 Ke5 44. Bb2+ Ke6 45. Kf4 Nh3+ 46. Ke4 Nf2+
47. Kf3 Nd3 48. Bc3 a6 49. g5 fxg5 50. Bxg7 Kf5 51. Bd4 Nf4 52. h6 Kg6 53. Be3
Ne6 54. Ke4 Kxh6 55. Kd5 Nf4+ 56. Kc5 Kg6 57. Kb6 Kf5 58. Kxb7 Ke4 59. Bg1 Ne6
60. Kxa6 g4 61. b4 g3 62. b5 Nd4 63. b6 Nc6 64. Kb5 Nb8 65. a4 1-0

[Event "Dutch Open 2015"]
[Site "Dieren NED"]
[Date "2015.07.28"]
[Round "7.13"]
[White "Van Foreest, Lucas"]
[Black "Evengroen, Henk-Jan"]
[Result "1-0"]
[WhiteElo "2294"]
[BlackElo "2163"]
[WhiteFideId "1039792"]
[BlackFideId "1019252"]
[EventDate "2015.07.21"]

1. e4 e5 2. Nf3 Nc6 3. Bc4 Nf6 4. Ng5 d5 5. exd5 Na5 6. Bb5+ c6 7. dxc6 bxc6 8.
Bd3 h6 9. Ne4 Nd5 10. O-O Nf4 11. Be2 Be7 12. d3 Nxe2+ 13. Qxe2 O-O 14. Ng3 Bd6
15. Nd2 c5 16. Qf3 Rb8 17. Nf5 Qd7 18. Ne4 Qxf5 19. Qxf5 Bxf5 20. Nxd6 Bg6 21.
Bd2 Nc6 22. Bc3 Nd4 23. Bxd4 cxd4 24. b3 Rfd8 25. Nc4 e4 26. Rfd1 exd3 27. cxd3
Re8 28. Kf1 Re6 29. Rd2 Rbe8 30. Rad1 Bh5 31. f3 g5 32. Rc1 g4 33. f4 g3 34.
hxg3 f6 35. Kg1 Re2 36. a4 Bg6 37. Rcd1 Rxd2 38. Rxd2 Re1+ 39. Kf2 Rc1 40. Nd6
Rc3 41. f5 Bf7 42. b4 Rc6 43. Nb5 Rb6 44. Rb2 Be8 45. Nxa7 Bxa4 46. b5 Rb7 47.
b6 Bd7 48. g4 h5 49. gxh5 Bxf5 50. Rb3 Be6 51. Rb4 Kh7 52. Nc6 1-0

[Event "Dutch Open 2015"]
[Site "Dieren NED"]
[Date "2015.07.28"]
[Round "7.14"]
[White "Patil, Pratik"]
[Black "Afek, Yochanan"]
[Result "1-0"]
[BlackTitle "IM"]
[WhiteElo "2181"]
[BlackElo "2273"]
[WhiteFideId "5038758"]
[BlackFideId "2800462"]
[EventDate "2015.07.21"]

1. e4 c5 2. c3 e6 3. d4 d5 4. exd5 exd5 5. Nf3 Nc6 6. Bb5 Bd6 7. dxc5 Bxc5 8.
O-O Ne7 9. Nbd2 a6 10. Bd3 O-O 11. Nb3 Bb6 12. Re1 Qd6 13. Be3 Bc7 14. Bc5 Qf6
15. Nbd4 Re8 16. Qb3 g6 17. Qxd5 Bf5 18. Bxe7 Nxe7 19. Qxb7 Bxh2+ 20. Kxh2 Qd6+
21. Kg1 Bxd3 22. Ne5 Bf5 23. Nxf5 gxf5 24. Rad1 Qf6 25. Nd7 Qg5 26. Qb6 Nd5 27.
Qd4 Rxe1+ 28. Rxe1 1-0

[Event "Dutch Open 2015"]
[Site "Dieren NED"]
[Date "2015.07.28"]
[Round "7.15"]
[White "Yogesh, Gautam"]
[Black "Van Osch, Mees"]
[Result "1/2-1/2"]
[WhiteElo "2178"]
[BlackElo "2264"]
[WhiteFideId "5009324"]
[BlackFideId "1035967"]
[EventDate "2015.07.21"]

1. e4 c5 2. Nf3 a6 3. d4 cxd4 4. Nxd4 Nf6 5. Nc3 e5 6. Nb3 Bb4 7. Bd3 d5 8. exd5
Nxd5 9. O-O Nxc3 10. bxc3 Bxc3 11. Rb1 O-O 12. Qf3 Qc7 13. Ba3 Re8 14. Nc5 Nc6
15. Ne4 Nd4 16. Nf6+ gxf6 17. Qg3+ Kh8 18. Qh4 f5 19. Qf6+ Kg8 20. Qg5+ Kh8 21.
Qf6+ Kg8 1/2-1/2

[Event "Dutch Open 2015"]
[Site "Dieren NED"]
[Date "2015.07.28"]
[Round "7.16"]
[White "Kollen, Zyon"]
[Black "Mellema, Andries"]
[Result "1-0"]
[WhiteElo "2220"]
[BlackElo "2171"]
[WhiteFideId "1024256"]
[BlackFideId "1011464"]
[EventDate "2015.07.21"]

1. e4 e6 2. d4 d5 3. Nc3 dxe4 4. Nxe4 Nd7 5. Nf3 Ngf6 6. Nxf6+ Nxf6 7. Bd3 c5 8.
Be3 Qc7 9. Qe2 Be7 10. O-O-O O-O 11. Kb1 b6 12. c4 Bb7 13. Ne5 Rad8 14. Bc2 a5
15. Rhg1 cxd4 16. Bxd4 Bc5 17. Bxc5 bxc5 18. g4 Rxd1+ 19. Rxd1 Rd8 20. Rxd8+
Qxd8 21. g5 Ne4 22. a3 Qd4 23. f4 Nd6 24. Qd3 Qxd3 25. Bxd3 Bg2 26. Kc2 Nb7 27.
Nd7 h6 28. g6 fxg6 29. Bxg6 Bh1 30. Kc3 Bc6 31. Ne5 Nd8 32. Bf7+ Kf8 33. Nxc6
Nxc6 34. Bxe6 Nd4 35. Bg4 a4 36. Kd3 Ke7 37. Bd1 Ke6 38. Ke4 g5 39. fxg5 hxg5
40. Bxa4 Ne2 41. Bd1 Nd4 42. b4 Kd6 43. b5 Ke6 44. a4 Kd6 45. a5 1-0

[Event "Dutch Open 2015"]
[Site "Dieren NED"]
[Date "2015.07.28"]
[Round "7.17"]
[White "Van Helvoort, Rob"]
[Black "Lopez, Jasel"]
[Result "1-0"]
[BlackTitle "FM"]
[WhiteElo "2130"]
[BlackElo "2210"]
[WhiteFideId "1005596"]
[BlackFideId "15900045"]
[EventDate "2015.07.21"]

1. e4 e6 2. d3 d5 3. Nd2 Nf6 4. Ngf3 b6 5. e5 Nfd7 6. d4 c5 7. c3 Be7 8. Bb5 O-O
9. O-O a6 10. Bd3 Nc6 11. Re1 b5 12. Nf1 b4 13. Ng3 a5 14. Nh5 Ba6 15. Bb1 bxc3
16. bxc3 Rb8 17. Qd2 Kh8 18. Nxg7 Rg8 19. Nh5 Rxb1 20. Rxb1 cxd4 21. cxd4 Bb4
22. Qf4 Bd3 23. Bd2 Bf5 24. Bxb4 Nxb4 25. Qd2 Bg4 26. Ng3 Bxf3 27. gxf3 Qh4 28.
Rec1 Nb6 29. a3 Nc4 30. Rxc4 dxc4 31. axb4 Rd8 32. bxa5 Rxd4 33. Qe3 Qd8 34. a6
Rd3 35. Qf4 Qc7 36. Qf6+ Kg8 37. Nh5 1-0

[Event "Dutch Open 2015"]
[Site "Dieren NED"]
[Date "2015.07.28"]
[Round "7.18"]
[White "Boersma, Jan"]
[Black "Mueer, Sebastian"]
[Result "1-0"]
[WhiteElo "2119"]
[BlackElo "2210"]
[WhiteFideId "1003267"]
[BlackFideId "24622001"]
[EventDate "2015.07.21"]

1. e4 e5 2. Nc3 Nf6 3. Bc4 Nc6 4. d3 Bc5 5. Nf3 d6 6. h3 Be6 7. Bb3 Nd4 8. Nxd4
Bxd4 9. O-O c6 10. Ne2 Bb6 11. Ng3 Qd7 12. Qf3 h6 13. Be3 O-O-O 14. Bxb6 axb6
15. Qe3 c5 16. f4 exf4 17. Qxf4 d5 18. e5 Ne8 19. c3 g6 20. Ba4 Qe7 21. d4 Nc7
22. a3 h5 23. Qf6 Qxf6 24. Rxf6 h4 25. Nf1 Rh5 26. Ne3 Rg5 27. Rf3 b5 28. Bc2 b6
29. b4 Kb7 30. Bd1 Kc6 31. Ra2 Ne8 32. a4 c4 33. axb5+ Kb7 34. Raf2 Nc7 35. Rxf7
Bxf7 36. Rxf7 Kb8 37. Bf3 Rg3 38. Rf6 Kb7 39. e6 Re8 40. Rf7 Kc8 41. Rxc7+ Kxc7
42. Nxd5+ Kd6 43. Nxb6 Kxe6 44. Nxc4 Rb8 45. b6 Kf5 46. b7 Kf4 47. Kf2 Rxf3+ 48.
gxf3 Rxb7 49. Ne5 g5 50. Nd3+ Kf5 51. c4 Ra7 52. b5 Ke6 53. d5+ Kd6 54. Ke3 Ra1
55. Kd4 Rh1 56. c5+ Ke7 57. b6 Kd8 58. d6 Kc8 59. c6 g4 60. b7+ Kb8 61. d7 1-0

[Event "Dutch Open 2015"]
[Site "Dieren NED"]
[Date "2015.07.28"]
[Round "7.19"]
[White "Bus, Tom"]
[Black "Bakker, Guido"]
[Result "1-0"]
[WhiteElo "2153"]
[BlackElo "2117"]
[WhiteFideId "1014374"]
[BlackFideId "1027875"]
[EventDate "2015.07.21"]

1. Nf3 Nf6 2. g3 g6 3. b3 Bg7 4. Bb2 O-O 5. Bg2 d6 6. d4 c6 7. O-O Nbd7 8. c4
Qc7 9. Nc3 a5 10. Qc2 e5 11. Rad1 Re8 12. dxe5 dxe5 13. Ba3 Bf8 14. Bxf8 Nxf8
15. Qd2 Bf5 16. Qg5 Kg7 17. h3 Ne4 18. Qe3 Nxc3 19. Qxc3 Be4 20. Ng5 Bxg2 21.
Kxg2 c5 22. Rd5 b6 23. Rfd1 f6 24. Ne4 Re7 25. Qf3 f5 26. Nd6 Nd7 27. Nb5 Qb7
28. Rxd7 Rxd7 29. Rxd7+ Qxd7 30. Qxa8 Qd2 31. Qa7+ Kh6 32. Qe7 1-0

[Event "Dutch Open 2015"]
[Site "Dieren NED"]
[Date "2015.07.28"]
[Round "7.20"]
[White "Maatman, Nick"]
[Black "Van Meegen, Ruud"]
[Result "1/2-1/2"]
[WhiteElo "2266"]
[BlackElo "2113"]
[WhiteFideId "1040391"]
[BlackFideId "1034995"]
[EventDate "2015.07.21"]

1. Nf3 c5 2. c4 g6 3. Nc3 Bg7 4. e3 Nf6 5. d4 O-O 6. Be2 cxd4 7. exd4 d5 8. cxd5
Nxd5 9. O-O Nc6 10. Bg5 Be6 11. Qd2 Qb6 12. Bh6 Rad8 13. Bxg7 Kxg7 14. Rfd1 Nf6
15. Rac1 Rd6 16. Na4 Qb4 17. Qxb4 Nxb4 18. Rc7 Rd7 19. Rxd7 Nxd7 20. Rc1 Nd5 21.
Nc5 Nxc5 22. dxc5 Nf4 23. Bc4 Rc8 24. Bxe6 Nxe6 25. b4 b6 26. c6 b5 27. Kf1 a6
28. Ke2 Nd8 29. Nd4 e5 30. c7 exd4 31. cxd8=Q Rxd8 32. Rc6 Ra8 33. Kd3 a5 34.
Kxd4 axb4 35. Rc2 Rd8+ 1/2-1/2

[Event "Dutch Open 2015"]
[Site "Dieren NED"]
[Date "2015.07.29"]
[Round "8.1"]
[White "Reinderman, Dimitri"]
[Black "Brandenburg, Daan"]
[Result "1-0"]
[WhiteTitle "GM"]
[BlackTitle "GM"]
[WhiteElo "2584"]
[BlackElo "2511"]
[WhiteFideId "1001302"]
[BlackFideId "1011014"]
[EventDate "2015.07.21"]

1. e4 e6 2. d4 d5 3. Nc3 dxe4 4. Nxe4 Nd7 5. Nf3 Ngf6 6. Nxf6+ Nxf6 7. g3 c5 8.
Bg2 cxd4 9. Qxd4 Qxd4 10. Nxd4 Bc5 11. Nb3 Bd6 12. Be3 O-O 13. O-O-O Bc7 14. Bc5
Re8 15. Rhe1 h6 16. Nd2 Nd7 17. Ba3 Nf6 18. Nc4 a5 19. Nd6 Bxd6 20. Bxd6 Ra6 21.
Bf1 Ra8 22. Be5 b6 23. Bb5 Rf8 24. Rd6 Ba6 25. Rxb6 Bxb5 26. Rxb5 Nd5 27. a4
Rfc8 28. b3 f6 29. Bb2 Nc7 30. Rc5 Kf7 31. Bc3 Nb5 32. Rxb5 Rxc3 33. Rb7+ Kg6
34. Rxe6 Rac8 35. Re2 h5 36. Kb2 R8c5 37. Rb5 Kf5 38. Rxa5 Rxc2+ 39. Rxc2 Rxa5
40. Ka3 1-0